000 00338nam a2200133Ia 4500
005 20260328101457.0
008 260328s9999||||xx |||||||||||||| ||und||
100 _aBlake, Peter
245 0 _aArquitectura Moderna en los Estados Unidos /
_cPeter Blake
260 _b----
300 _a80 p.
650 _aARQUITECTURA REGIONAL
942 _cBK
999 _c8857
_d8857